Statistics for Most Populated Counties In Pennsylvania

Click here to take the quiz!

General Stats

  • This quiz has been taken 31 times
  • The average score is 9 of 12

Answer Stats

#CountyPopulation% Correct
1Philadelphia1,575,522
100%
2Allegheny1,225,561
91%
4Bucks626,370
83%
7Chester517,156
83%
6Lancaster538,347
83%
8York444,014
78%
9Berks416,642
74%
5Delaware563,527
74%
3Montgomery821,301
74%
11Westmoreland354,751
70%
10Lehigh362,613
65%
12Luzerne317,884
52%

Score Distribution

Percentile by Number Answered

Percent of People with Each Score

Your Score History

You have not taken this quiz